Responses for Show #8643 - Wednesday, May 18, 2022

Ryan Long game 4.

Contestants

[<< previous game]

Audrey Kamzan, a pediatric hospitalist from Los Angeles, California

Adriana Ramírez, a writer from Pittsburgh, Pennsylvania

Ryan Long, a rideshare driver from Philadelphia, Pennsylvania (whose 3-day cash winnings total $70,000)

[next game >>]

Jeopardy! Round responses

HISTORIC AMERICANS
BEASTLY BOOK CHARACTERS
MUSEUMS FOR FOODIES
PLANES, TRAINS & AUTOMOBILES
SETTING, THE BROADWAY STAGE
SPOT "IFY"
(Mayim: Each response ends in "I-F-Y".)
    $200 24
(John) Brown

Adriana
    $200 8
Doctor Dolittle

Ryan
    $200 27
mustard

Ryan
    $200 21
Amtrak

Ryan
    $200 30
Grease

Adriana
    $200 10
petrify

Audrey
    $400 14
Paul Revere

Ryan
    $400 7
Ichabod Crane

Ryan
    $400 26
Tabasco

Audrey
    $400 20
the Orient Express

Adriana
    $400 29
Chicago

Audrey
    $400 5
diversify

Ryan
    $600 11
Jesse Owens

Ryan
    $600 6
(Adriana: Who is Paddington?)

Gentle Ben

RyanAdriana
    $600 23
kimchi

Ryan
    $600 19
Hyundai

Ryan
    $600 28
Hairspray

Ryan
    $600 2
identify

Audrey
    $800 12
Wyoming

Adriana
    $800 1
a mouse

Audrey
    $800 22
(Mayim: Yes, sign me up; I want to go there now.)
[Laughter]

ramen

Ryan
    $800 15
(Ryan: What is around the world?)

crossing the Atlantic

RyanAdriana
    $800 17
The Music Man

Ryan
    $800 3
exemplify

Audrey
    $1000 13
Geronimo

Adriana
    $1,000 9
the March Hare

Ryan
    $1000 25
Edam & Gouda

Triple Stumper
    $1000 18
Enola Gay

Ryan
    $1000 16
The Book of Mormon

Triple Stumper
    $1000 4
quantify

Ryan

Scores at the first commercial break (after clue 15):

Ryan Adriana Audrey
$3,800 $2,000 $2,400

Scores at the end of the Jeopardy! Round:

Ryan Adriana Audrey
$8,600 $2,800 $3,200

Double Jeopardy! Round responses

YOU NEVER TAKE ME TO...
TROJAN WAR HANDBOOK
SCIENCE
HODGEPODGE
TV COMEDIES BY SIBLINGS
FROM THE GREEK FOR...
    $400 25
St. Paul

Ryan
    $400 16
Odysseus (Ulysses)

Ryan
    $400 12
Pisces

Adriana
    $400 30
kilt

Audrey
    $400 6
Family Guy

Ryan
    $400 29
a tripod

Audrey
    $1,000 24
(Adriana: What is Decatur?)

Urbana

Adriana
    $8,000 15
Achilles

Ryan
    $800 11
igneous

Audrey
    $800 20
(Elizabeth) Holmes

Adriana
    $800 5
Two and a Half Men

Ryan
    $800 28
a Hydra

Ryan
    $1200 23
Jammu

Triple Stumper
    $1200 2
bronze

Ryan
    $1200 8
Erin Brockovich

Audrey
    $1200 17
Safari

Ryan
    $1200 4
Malcolm in the Middle

Ryan
    $1200 27
(Ryan: What is, uh, hem... hemorrhage?)
(Audrey: What is aneurysm?)

hematoma

RyanAudrey
Triple Stumper
    $1600 22
(Adriana: What is Martinique?)

St. Vincent

Adriana
Triple Stumper
    $1600 1
(Audrey: What is Athens?)
(Adriana: What is Thebes?)

Sparta

RyanAdrianaAudrey
    $1600 9
phalanges

Triple Stumper
    $1600 18
Fischer & Spassky

Ryan
    $1600 3
8 Simple Rules

Ryan
    $1600 26
a grotto

Triple Stumper
    $2000 21
Chincoteague

Triple Stumper
    $2000 14
(Ryan: Who is Achilles?)

Agamemnon

Ryan
Triple Stumper
    $2000 10
Georg Steller

Triple Stumper
    $2000 19
Uluru

Audrey
    $2000 7
Sister, Sister

Audrey
    $2000 13
a lycanthrope

Ryan

Scores at the end of the Double Jeopardy! Round:

Ryan Adriana Audrey
$26,600 -$200 $7,200
(lock game)

[wagering suggestions for these scores]

Final Jeopardy! Round responses

OSCAR-WINNING SONGS
(Mayim: [To Audrey] With music by Henry Mancini, the song was introduced by Audrey Hepburn's character, Holly Golightly, in Breakfast at Tiffany's. That's your namesake, Audrey.)
AudreyWhat is Moon River?
$5,000
RyanWhat is Hi mom
$10,000
"Moon River"

Final scores:

Ryan Adriana Audrey
$16,600 -$200 $12,200
4-day champion: $86,600 3rd place: $1,000 2nd place: $2,000

Game dynamics:

Coryat scores:

Ryan Adriana Audrey
$19,400 $800 $7,200
29 R
(including 2 DDs),
3 W
8 R,
4 W
(including 1 DD)
12 R,
2 W

Combined Coryat: $27,400

[game clues] [game scores] [suggest correction]

Game tape date: 2022-03-01
The J! Archive is created by fans, for fans. Scraping, republication, monetization, and malicious use prohibited; this site may use cookies and collect identifying information. See terms. The Jeopardy! game show and all elements thereof, including but not limited to copyright and trademark thereto, are the property of Jeopardy Productions, Inc. and are protected under law. This website is not affiliated with, sponsored by, or operated by Jeopardy Productions, Inc. Join the discussion at JBoard.tv.